000 01850nam0a2200361 4500
001 RU\NLR\bibl\417934
005 20260407075200.0
021 _aRU
_b2003-25652
_91194
035 _a(NLR Aleph) 000411915
090 _a640527
_c640527
100 _a20030627d2003 |||y0rusy50 ca
101 0 _arus
102 _aRU
105 _ay |||||||||
200 1 _aУчебное пособие "Основы права"
_eДля студентов, обучающихся по специальности 0601 "Экономика и бухгалт. учет"
_fФедер. гос. образоват. учреждение сред. проф. образования - Мелекес. с.-х. техникум, Ульян. обл.
_g[Сост. Малков Станислав Борисович]
210 _aДимитровград
_cБ. и.
_d2003
215 _a131 с.
_d30
320 _aБиблиогр.: с. 131 (17 назв.)
606 0 _aПраво
_jРуководства, пособия и т.п.
_yРоссийская Федерация
_92070216
_3RU\NLR\auth\661244932
606 0 _aПраво
_jУчебные издания для среднего профессионального образования
_yРоссийская Федерация
_92070216
_3RU\NLR\auth\661244932
610 0 _aПраво Российской Федерации
675 _a340(075.8)
_v3
_zrus
686 _a10
_2rugasnti
686 _a67.0я73
_2rubbk
686 _aХ62я72
702 1 _aМалков
_bС. Б.
_gСтанислав Борисович
_4220
712 0 2 _4570
_aМелекесский сельскохозяйственный техникум
_9577575
_3RU\NLR\AUTH\8810039320
801 0 _aRU
_bRKP
_c20030627
_gPSBO
801 1 _aRU
_bRKP
_c20030627
801 2 _aRU
_bNLR
_c20030731
_grcr
942 _cBOOK
980 _aNB